Разработка технологии и моделей принятия решений в АСУ томской области; Технология и экспериментальные методы принятия сложных решений в АСУ ТО: заключительный отчет о НИР; тема 3-31/74; проблема 0.80.075.

Xehetasun bibliografikoak
Erakunde egilea: Томский политехнический институт (ТПИ) (595)
Beste egile batzuk: Ямпольский В. З. Владимир Захарович (руководитель), Сучков В. А. (исполнитель)
Hizkuntza:errusiera
Argitaratua: Томск, ТПИ, 1976
Gaiak:
Formatua: MixedMaterials Liburua
KOHA link:https://koha.lib.tpu.ru/cgi-bin/koha/opac-detail.pl?biblionumber=174663

MARC

LEADER 00000nbm0a2200000 4500
001 174663
005 20231031164901.0
029 0 0 |a SU  |b 74055171  |f ТПУ 
035 |a (RuTPU)RU\TPU\book\189408 
090 |a 174663 
100 |a 20100202d1976 k y0rusy50 ca 
101 0 |a rus 
102 |a RU 
105 |a a p 001zy 
200 1 |a Разработка технологии и моделей принятия решений в АСУ томской области  |a Технология и экспериментальные методы принятия сложных решений в АСУ ТО  |e заключительный отчет о НИР  |e тема 3-31/74  |e проблема 0.80.075.  |f Томский политехнический институт (ТПИ) ; руководитель В. З. Ямпольский ; В. А. Сучков 
210 |a Томск  |c ТПИ  |d 1976 
215 |a 112 л. 
320 |a Библиогр.: с. 110-112. 
610 1 |a отчеты о НИР 
610 1 |a разработки 
610 1 |a технологии 
610 1 |a принятие решений 
610 1 |a АСУ 
610 1 |a Томская область 
610 1 |a экспериментальные методы 
610 1 |a организационно-правовое обеспечение 
610 1 |a программное обеспечение 
675 |a 65.011.56(04)  |v 3 
702 1 |a Ямпольский  |b В. З.  |c директор института "Кибернетический центр" Томского политехнического университета  |f 1938-  |g Владимир Захарович  |2 stltpush  |3 (RuTPU)RU\TPU\pers\12100  |4 673 
702 1 |a Сучков  |b В. А.  |4 677 
712 0 2 |a Томский политехнический институт (ТПИ)  |c (1944-1991)  |2 stltpush  |3 (RuTPU)RU\TPU\col\1123  |4 595 
801 1 |a RU  |b 63413507  |c 20100202 
801 2 |a RU  |b 63413507  |c 20101205  |g RCR 
942 |c BK